| 000 | 00490nam a22001697a 4500 | ||
|---|---|---|---|
| 005 | 20251108175758.0 | ||
| 008 | 250721s9999 xx 000 0 ara d | ||
| 082 | 1 | 4 | _a658.4/مصر |
| 100 | 1 | _aالمصري، احمد | |
| 245 | 1 | 0 | _aالادارة والمدير العصري / |
| 264 | 1 |
_aالاسكندرية : _bمؤسسة شباب الجامعة، |
|
| 300 | _a157ص. | ||
| 650 | 1 | 7 | _aادارة الاعمال |
| 650 | 1 | 7 | _aالقيادة |
| 942 |
_2ddc _cBK |
||
| 999 |
_c142178 _d142178 |
||